Mobility: processes, computers, and agents
Guardado en:
| Autor principal: | |
|---|---|
| Formato: | Libro |
| Lenguaje: | Undetermined |
| Publicado: |
Reading, MA
Addison-Wesley
1999
|
| Materias: | |
| Etiquetas: |
Agregar Etiqueta
Sin Etiquetas, Sea el primero en etiquetar este registro!
|
| Thư viện lưu trữ: | Trung tâm Học liệu Trường Đại học Cần Thơ |
|---|
| LEADER | 00569nam a2200181Ia 4500 | ||
|---|---|---|---|
| 001 | CTU_58076 | ||
| 008 | 210402s9999 xx 000 0 und d | ||
| 082 | |a 006.3 | ||
| 082 | |b M687 | ||
| 100 | |a Dejan Milojicic | ||
| 245 | 0 | |a Mobility: processes, computers, and agents | |
| 245 | 0 | |c Edited by Dejan Milojicic, Frederick Douglis and Richard Wheeler | |
| 260 | |a Reading, MA | ||
| 260 | |b Addison-Wesley | ||
| 260 | |c 1999 | ||
| 650 | |a mobile agents ( computer software ),mobile computing | ||
| 904 | |i Minh | ||
| 980 | |a Trung tâm Học liệu Trường Đại học Cần Thơ | ||